书目信息 |
| 题名: |
小学生作文实用手册
|
|
| 作者: | 徐永森 主编 | |
| 分册: | ||
| 出版信息: | 郑州 文心出版社 1989 |
|
| 页数: | 798页 | |
| 开本: | 20cm | |
| 丛书名: | ||
| 单 册: | ||
| 中图分类: | G623.24 | |
| 科图分类: | ||
| 主题词: | 小学--作文课 | |
| 电子资源: | ||
| ISBN: | 7-80537-146-6 | |
| 000 | 00560nam0 2200193 45 | |
| 001 | 0506021503 | |
| 005 | 20050602150403.6 | |
| 010 | @a7-80537-146-6@dCNY5.60 | |
| 100 | @a20050602d1989 km y0chiy0120 ea | |
| 101 | 0 | @achi |
| 105 | @a z 000yy | |
| 200 | 1 | @a小学生作文实用手册@AXiao Xue Sheng Zuo Wen Shi Yong Shou Ce@f徐永森主编@FXu Yong Sen Zhu Bian |
| 210 | @a郑州@c文心出版社@d1989 | |
| 215 | @a798页@d20cm | |
| 606 | 0 | @a小学@x作文课 |
| 690 | @aG623.24@v3 | |
| 701 | 0 | @a徐永森@4主编 |
| 801 | @aCN@bPftUser@c20050602 | |
| 905 | @b249322@dG623.24@e114@f1 | |
| 小学生作文实用手册/徐永森主编.-郑州:文心出版社,1989 |
| 798页;20cm |
| ISBN 7-80537-146-6:CNY5.60 |
| ● |
| 相关链接 |
|
|
|
|
正题名:小学生作文实用手册
索取号:G623.24/114
 
预约/预借
| 序号 | 登录号 | 条形码 | 馆藏地/架位号 | 状态 | 备注 |
| 1 | 0249322 | 001466005 | 第四借阅区/ [索取号:G623.24/114] | 在馆 | |
| 2 | 0249323 | 000466070 | 第一样本阅览室/ [索取号:G623.24/114] | 在馆 |